| 000 | 02568nam a22004817a 4500 | ||
|---|---|---|---|
| 999 |
_c116574 _d116574 |
||
| 003 | KOHA_MİRAKIL | ||
| 005 | 20240814100436.0 | ||
| 008 | 230831b ||||| |||| 00| 0 eng d | ||
| 040 |
_aTR-IsTIV _btur _cTR-IsTIV |
||
| 041 |
_atur _ctur _htur |
||
| 090 | _aVHS 1.0808.2 | ||
| 100 | 1 |
_aİnanoğlu, Türker _d1936-2024 |
|
| 245 | 1 | 0 | _aYumurcak [VHSVideorecording] [İngilizce Altyazılı] |
| 260 |
_aİstanbul _bErler Film _c1970 |
||
| 300 | _c1 videocasette (86 dk) :|bsd., col.,|c1/2 in. | ||
| 505 | _aFilmdeki rolüyle İlker İnanoğlu, 1970 Uluslararası Antalya Film Festivali'nde “En İyi Çocuk Oyuncu” Ödülü'nü kazandı. | ||
| 505 | _aYumurcak, babası Nihat’la yaşayan ve yaramazlıklarından tüm mahallenin yaka silktiği, sevimli ama afacan bir çocuktur. Nihat eski bir arabada taksicilik yapar. Ayrı yaşadıkları annesi Selma zengin bir ailenin kızıdır. Üvey annesi, yeğeni Faruk’la evlendirmek istediği Selma’yı türlü tuzaklarla Nihat’tan ayırmıştır. Selma o günden beri Yumurcak’ı görememiş olmanın hasretini çekmektedir. | ||
| 546 | _aİngilizce Altyazılı | ||
| 610 | _aErler Film | ||
| 650 | 0 | 0 |
_aVHS Arşivi Erler Film _vDram Filmleri Erler Film _vKomedi Filmleri Türk Sineması _xMacera Filmleri Türk Sineması _xErler Film VHS Kayıtları _xMacera Filmleri Erler Film _xÖdüllü Filmler Erler Film _xRenkli Filmler Erler Film _xErler Film _xDram Filmleri Türk Sineması _y1970 _zTürkiye |
| 700 | 1 |
_aÖnal, Safa _d1930-2023 _eSenarist |
|
| 700 | 1 |
_aBükey, Metin _d1933-1997 _eMüzik |
|
| 700 | 1 |
_aGürtop, Çetin _d1936-2009 _eGörüntü Yönetmeni |
|
| 700 | 1 |
_aİnanoğlu, İlker _d1965- _eOyuncu |
|
| 700 | 1 |
_aAkın, Filiz _d1943- _eOyuncu |
|
| 700 | 1 |
_aTibet, Kartal _d1931-2000 _eOyuncu |
|
| 700 | 1 |
_aKentmen, Hulusi _d1912-1993 _eOyuncu |
|
| 700 | 1 |
_aSomer, Önder _d1937-1997 _eOyuncu |
|
| 700 | 1 |
_aBaradan, Hüseyin _d1932-2004 _eOyuncu |
|
| 700 | 1 |
_aTosun, Necdet _d1926-1975 _eOyuncu |
|
| 700 | 1 |
_aMuvahhit, Bedia _d1897-1994 _eOyuncu |
|
| 700 | 1 |
_aAlpan, Giray _d1935-2002 _eOyuncu |
|
| 700 | 1 |
_aYonat, Celal _d1922-1993 _eOyuncu |
|
| 700 | 1 |
_aDemir, Ali _d1921-1996 _eOyuncu |
|
| 700 | 1 |
_aFosforoğlu, Renan _d1918-1991 _eOyuncu |
|
| 700 | 1 |
_aHazinses, Sami _d1925-2002 _eOyuncu |
|
| 700 | 1 |
_aHun, Ediz _d1940- _eOyuncu |
|
| 700 | 1 |
_aNipton, Asım _d1915-1972 _eOyuncu |
|
| 700 | 1 |
_aSeyhan, Ali _d1930-1984 _eOyuncu |
|
| 700 | 1 |
_aKüçüktepe, İhsan _eOyuncu |
|
| 856 |
_3Yumurcak Filminin Afişi _uhttps://disk.yandex.com/i/422jq6-drHRYxQ |
||
| 942 |
_2ddc _cGR |
||